| 000 | 00873nas a2200241 4500 | ||
|---|---|---|---|
| 001 | BR8602618 | ||
| 003 | BR-BrBNA | ||
| 005 | 20231205090505.0 | ||
| 007 | ta | ||
| 008 | 230509b bl.|||p| |||| 00| 00por d | ||
| 040 |
_aBR-BrBNA _bpor _cBiblioteca Nacional de Agricultura |
||
| 041 | _a(Pt) | ||
| 072 | _aH10 | ||
| 100 | 1 | _aLorenzato, D. | |
| 245 | 1 | _aEficiencia de frascos e atrativos no monitoramento e combate de moscas-das-frutas do genero Anastrepha e Ceratitis capitata | |
| 246 | 1 | _a[Effectiveness of flasks and attractives on the monitoring and control of fruit flies Anastrepha and Ceratitis capitata] | |
| 650 | _aMOSCA DAS FRUTAS | ||
| 650 | _aATRATIVO | ||
| 650 | _aARMADILHA | ||
| 773 | 0 |
_tAgronomia Sulriograndense (Brazil) _xISSN 0400-8111 _g(1984), v. 20(2) p. 45-62 _wBR8602618 |
|
| 909 |
_a202311 _bLúcia _c55 _dLúcia Elande |
||
| 942 |
_2AGRIS _n0 _cANA |
||
| 999 |
_c118802 _d118802 |
||